MEN AND MOCHINES (Record no. 370928)

MARC details
000 -LEADER
fixed length control field 00374nam a2200157Ia 4500
008 - FIXED-LENGTH DATA ELEMENTS--GENERAL INFORMATION
fixed length control field 100122s9999 xx 000 0 und d
082 ## - DEWEY DECIMAL CLASSIFICATION NUMBER
Item number 34575
Classification number 609
100 ## - MAIN ENTRY--PERSONAL NAME
Personal name HILL A
245 ## - TITLE STATEMENT
Title MEN AND MOCHINES
260 ## - PUBLICATION, DISTRIBUTION, ETC. (IMPRINT)
Name of publisher, distributor, etc HEINEMANN EDUCATION BOOKS LTD
Date of publication, distribution, etc 1905
300 ## - PHYSICAL DESCRIPTION
Extent 92
630 ## - SUBJECT ADDED ENTRY--UNIFORM TITLE
Uniform title MEN AND MOCHINES
700 ## - ADDED ENTRY--PERSONAL NAME
Personal name AULT A
730 ## - ADDED ENTRY--UNIFORM TITLE
Uniform title MEN AND MOCHINES
942 ## - ADDED ENTRY ELEMENTS (KOHA)
Koha item type Book
Holdings
Withdrawn status Lost status Damaged status Not for loan Home library Current library Date acquired Cost, normal purchase price Total Checkouts Full call number Barcode Date last seen Cost, replacement price Price effective from Koha item type Public note
        S.V. Pathak Library, Vile Parle S.V. Pathak Library, Vile Parle 06/29/1983 10.00   34575 SVPPARLE-34575 01/25/2010 10.00 01/25/2010 Book ", , , NA"